000
00284nam a2200109Ia 4500
008
190914s9999||||xx |||||||||||||| ||und||
100
_a
ACFE Association
245
0
_a
How to Prevent Small Business Fraud
260
_a
New Delhi
_b
ACFE Association
_c
1993
300
_a
750
942
_c
BK
999
_c
9018
_d
9018